000 00791nas a2200265 4500
001 BR0201562
003 BR-BrBNA
005 20231205102821.0
007 ta
008 230509b bl.|||p| |||| 00| 00por d
040 _aBR-BrBNA
_bpor
_cBiblioteca Nacional de Agricultura
041 _a(Pt)
072 _aN20
100 1 _aVieira, L.B.
100 1 _aReis, E.F. dos
245 1 _aMáquinas para o plantio direto
650 _aSEMEADEIRA
650 _aADUBADEIRA
650 _aPALHADA
650 _aMÃO-DE-OBRA
650 _aCUSTO DE PRODUÇÃO
773 0 _tInforme Agropecuário - Empresa de Pesquisa Agropecuária de Minas Gerais (Brazil)
_xISSN 0100-3364
_g(Jan-Feb 2001), v. 22(208) p. 43-48
_wBR0201562
909 _a202311
_bLúcia
_c55
_dLúcia Elande
942 _2AGRIS
_n0
_cANA
999 _c169489
_d169489